Destination Finale - Relie 50 vidéos au bon film de la Saga (+16) - Statistiques

Statistiques générales
  • Ce quiz a été pris 306 fois
  • Le résultat moyen est 37 sur 50
Statistiques - réponses
Hint Réponse % Correct
Destination Finale 1
83%
Destination Finale 1
82%
Destination Finale 2
82%
Destination Finale 2
82%
Destination Finale 1
81%
Destination Finale 2
80%
Destination Finale 2
80%
Destination Finale 1
78%
Destination Finale 3
78%
Destination Finale 4
78%
Destination Finale 1
77%
Destination Finale 3
77%
Destination Finale 3
77%
Destination Finale 3
77%
Destination Finale 3
77%
Destination Finale 4
77%
Destination Finale 4
77%
Destination Finale 5
77%
Destination Finale 1
76%
Destination Finale 2
76%
Destination Finale 3
76%
Destination Finale 5
76%
Destination Finale 1
75%
Destination Finale 2
75%
Destination Finale 1
74%
Destination Finale 2
74%
Destination Finale 2
74%
Destination Finale 5
74%
Destination Finale 2
73%
Destination Finale 3
73%
Destination Finale 4
73%
Destination Finale 2
72%
Destination Finale 3
72%
Destination Finale 5
71%
Destination Finale 4
70%
Destination Finale 5
70%
Destination Finale 5
70%
Destination Finale 2
69%
Destination Finale 3
69%
Destination Finale 3
69%
Destination Finale 4
69%
Destination Finale 4
69%
Destination Finale 4
68%
Destination Finale 2
66%
Destination Finale 3
65%
Destination Finale 4
62%
Destination Finale 5
61%
Destination Finale 4
60%
Destination Finale 3
58%
Destination Finale 5
55%
Aucun quiz correspondant
Distribution des résultats
% des personnes avec chaque résultat
Percentile par nombre de réponses
Votre historique - résultats
Vous n’avez pas pris ce quiz